000 00491 a2200193 4500
003 NUST
020 _a0071134492
020 _a9780071134491
038 _aAmir
082 _a532
_bLIG
100 1 _aLiggett, James A.
_98452
245 1 0 _aFluid mechanics /
_cJames A. Liggett.
260 _a[S.l.] :
_bMcGraw-Hill Education (ISE Editions),
_c1994.
300 _a512 p.
500 _aImport.
563 _aPaper back
700 _aLiggett, James A.
_98452
942 _aSNS
_cBK
_k532 LIG
_2ddc
999 _c31659
_d31659